La Selva : estructura sòcio-econòmica d'una comarca heterogènia / Isabel Salamaña i Serra ; amb la col·laboració d'Arseni Gibert i Bosch ... [et al.] ; prologat per Joan Cals i Güell estructura sòcio-econòmica d'una comarca heterogènia / Isabel Salamaña i Serra ; amb la col·laboració d'Arseni Gibert i Bosch ... [et al.] ; prologat per Joan Cals i Güell
MARC
| LEADER | 00000nam a2200000Ia 4500 | ||
|---|---|---|---|
| 001 | 8989 | ||
| 008 | 160829s1990 xx 000 0 cat d | ||
| 080 | |a M-2-19 | ||
| 100 | |a Salamaña i Serra, Isabel |9 35355 | ||
| 245 | |a La Selva : |b estructura sòcio-econòmica d'una comarca heterogènia / Isabel Salamaña i Serra ; amb la col·laboració d'Arseni Gibert i Bosch ... [et al.] ; prologat per Joan Cals i Güell | ||
| 260 | |a Barcelona : |b Caixa d'Estalvis de Catalunya, |c 1990 | ||
| 300 | |a XI, 351 p. : |b amb map. ; |c 24 cm | ||
| 490 | |a Catalunya comarcal | ||
| 650 | |a Selva |x Condicions econòmiques |9 35356 | ||
| 650 | |a Selva |x Condicions socials |9 35357 | ||
| 700 | |a Gibert i Bosch, Arseni |9 35358 | ||
| 700 | |a Cals i Güell, Joan, pr. |9 35359 | ||
| 901 | |a Arxiu | ||
| 942 | |n 1 | ||
| 952 | |0 0 |1 0 |4 0 |6 M219 |7 1 |9 46863 |a Arxiu |b Arxiu |d 2016-12-01 |l 0 |o M-2-19 |p 8989 |r 2016-12-01 00:00:00 |w 2016-12-01 |y ARXIU | ||
| 999 | |c 50656 |d 50656 | ||